[Event "Swiss Queens Wed #9"]
[Site "FIDE Online Arena INT"]
[Date "2024.03.27"]
[Round "1"]
[White "Bashirli, Saadat"]
[Black "Meghna, CH."]
[Result "1/2-1/2"]
[WhiteElo "1803"]
[BlackElo "1995"]
[PlyCount "159"]
[EventDate "2024.03.27"]
[EventType "swiss (blitz)"]
[EventRounds "11"]
[EventCountry "NET"]
[SourceTitle "CB14_2024"]
[SourceDate "2024.04.01"]
[SourceVersion "1"]
[SourceVersionDate "2024.04.01"]
[SourceQuality "1"]

1. d4 d5 2. c4 Nc6 3. cxd5 Qxd5 4. Nf3 Bg4 5. Nc3 Qh5 6. d5 0-0-0 7. Qa4 Nb8 8. Bf4 Nf6 9. Qc4 Na6 10. Rd1 e6 11. d6 Qc5 12. Qxc5 Nxc5 13. dxc7 Rxd1+ 14. Nxd1 Nd5 15. Bg3 Ne4 16. a3 Nxg3 17. hxg3 Bc5 18. e4 Nxc7 19. Ne5 Bxd1 20. Kxd1 f6 21. Nd3 Bd4 22. Kc2 e5 23. Be2 Ne6 24. Bg4 Kd7 25. f4 Ke7 26. fxe5 fxe5 27. Rf1 Rf8 28. Rh1 h6 29. Bf5 Ng5 30. Re1 Rf6 31. Kd2 Rc6 32. Rc1 Rxc1 33. Kxc1 Kd6 34. Kd2 Nf7 35. Nb4 Bxb2 36. a4 Ba3 37. Nd5 Bc5 38. Kd3 Ng5 39. Bg6 Ne6 40. Bf5 Nd4 41. Bc8 b6 42. g4 Nb3 43. Bf5 Nc1+ 44. Kd2 Nb3+ 45. Kc3 Nd4 46. Bg6 Ne2+ 47. Kd2 Nd4 48. Bf7 a6 49. Be8 b5 50. axb5 axb5 51. Nc3 b4 52. Nd5 b3 53. Kc3 Ba3 54. Ba4 b2 55. Bc2 Nxc2 56. Kxc2 Kc5 57. Nc3 Kc4 58. Nb1 Kb4 59. Nd2 Ka4 60. g3 Kb4 61. Nf3 Kc4 62. Nxe5+ Kd4 63. Nc6+ Kxe4 64. Ne7 Kf3 65. Nf5 Kxg4 66. Nxg7 Kxg3 67. Nf5+ Kg4 68. Nxh6+ Kg5 69. Nf7+ Kf6 70. Nd8 Ke7 71. Nc6+ Kd6 72. Nd4 Kd5 73. Nb5 Bc5 74. Kxb2 Bd4+ 75. Kb3 Ke4 76. Kc4 Kf3 77. Nd6 Kg2 78. Nf5 Kf1 79. Kd3 Ke1 80. Nxd4 1/2-1/2

[Event "Swiss Queens Wed #9"]
[Site "FIDE Online Arena INT"]
[Date "2024.03.27"]
[Round "4"]
[White "Meghna, CH."]
[Black "Gunina, Valentina"]
[Result "1/2-1/2"]
[WhiteElo "1995"]
[BlackElo "2437"]
[PlyCount "90"]
[EventDate "2024.03.27"]
[EventType "swiss (blitz)"]
[EventRounds "11"]
[EventCountry "NET"]
[SourceTitle "CB14_2024"]
[SourceDate "2024.04.01"]
[SourceVersion "1"]
[SourceVersionDate "2024.04.01"]
[SourceQuality "1"]

1. d4 d5 2. Nf3 Nf6 3. e3 c5 4. dxc5 e6 5. b4 a5 6. c3 axb4 7. cxb4 b6 8. Bb5+ Bd7 9. Bxd7+ Qxd7 10. a4 bxc5 11. b5 Be7 12. 0-0 0-0 13. Bb2 Qc7 14. Nbd2 Nbd7 15. Nb3 c4 16. Nbd4 Nc5 17. Nc6 Nb3 18. Ra2 Ne4 19. Nfd4 Nxd4 20. Bxd4 Bd6 21. g3 f6 22. Qc2 e5 23. Bb2 Nc5 24. Nb4 Qb7 25. Rd1 c3 26. Bxc3 Rfc8 27. Nxd5 Bf8 28. a5 Rd8 29. Nb6 Rab8 30. Bb4 Rxd1+ 31. Qxd1 Qf7 32. Rc2 Qb3 33. Bxc5 Bxc5 34. Nd7 Rd8 35. Nxf6+ Kf7 36. Qxd8 Qxc2 37. Nd5 Qb1+ 38. Kg2 Qxb5 39. Qc7+ Ke6 40. Nc3 Qc4 41. Qc6+ Kf7 42. Qc7+ Ke6 43. Qc6+ Kf7 44. Qc7+ Kg6 45. Qc6+ Kf7 1/2-1/2

[Event "Swiss Queens Wed #9"]
[Site "FIDE Online Arena INT"]
[Date "2024.03.27"]
[Round "5"]
[White "Shanmathi Sree, S."]
[Black "Meghna, CH."]
[Result "1-0"]
[WhiteElo "1802"]
[BlackElo "1995"]
[PlyCount "85"]
[EventDate "2024.03.27"]
[EventType "swiss (blitz)"]
[EventRounds "11"]
[EventCountry "NET"]
[SourceTitle "CB14_2024"]
[SourceDate "2024.04.01"]
[SourceVersion "1"]
[SourceVersionDate "2024.04.01"]
[SourceQuality "1"]

1. e4 Nc6 2. d4 d5 3. e5 f6 4. f4 Nh6 5. Nf3 Bf5 6. c3 e6 7. Bd3 Be4 8. 0-0 f5 9. Ng5 Qd7 10. Bxe4 fxe4 11. a4 Nf5 12. b4 Be7 13. a5 a6 14. Na3 0-0 15. Qh5 Bxg5 16. fxg5 Qf7 17. Qg4 Qe7 18. Nc2 Rf7 19. Ne3 Raf8 20. Rf4 g6 21. h4 Nb8 22. Nxf5 Rxf5 23. Be3 Nd7 24. Raf1 Rxf4 25. Bxf4 Rf5 26. h5 Nf8 27. Kh2 Qf7 28. h6 Qe7 29. Kg3 Qd7 30. Qe2 Qc6 31. Qe3 Nd7 32. Rc1 Nb8 33. Rf1 Qc4 34. Rc1 Nc6 35. Rc2 Nxb4 36. Rb2 Nd3 37. Rxb7 Qxc3 38. Rb8+ Kf7 39. Rb7 Rxf4 40. Ra7 Qe1+ 41. Qxe1 Nxe1 42. Kxf4 Nxg2+ 43. Kg3 1-0

[Event "Swiss Queens Wed #5"]
[Site "FIDE Online Arena INT"]
[Date "2024.02.28"]
[Round "4"]
[White "Kiseleva, Simona"]
[Black "Meghna, CH."]
[Result "1-0"]
[WhiteElo "2174"]
[BlackElo "1992"]
[PlyCount "105"]
[EventDate "2024.02.28"]
[EventType "swiss (blitz)"]
[EventRounds "11"]
[EventCountry "NET"]
[SourceTitle "CB10_2024"]
[SourceDate "2024.03.06"]
[SourceVersion "1"]
[SourceVersionDate "2024.03.06"]
[SourceQuality "1"]

1. d4 d5 2. c4 Nc6 3. Nf3 Nf6 4. Nc3 Bg4 5. cxd5 Nxd5 6. e4 Nb6 7. Be3 e6 8. Be2 Be7 9. 0-0 0-0 10. Rc1 Bf6 11. e5 Be7 12. Ne4 Nd5 13. Nc5 Qc8 14. a3 Rd8 15. Qc2 Bf5 16. Bd3 Bxd3 17. Nxd3 Bf8 18. Nf4 Nce7 19. Ng5 g6 20. Nh5 Bg7 21. Nxg7 Kxg7 22. Qe4 Nxe3 23. fxe3 Rf8 24. g4 Qd8 25. Qf3 Nd5 26. Ne4 Qh4 27. Nf6 c6 28. Nxd5 exd5 29. Qf6+ Qxf6 30. Rxf6 Kg8 31. Rcf1 Rae8 32. b4 Re6 33. g5 Kg7 34. Kg2 Kg8 35. Rc1 Re7 36. a4 Kg7 37. b5 cxb5 38. axb5 Rd8 39. Rc5 Kf8 40. Kf3 Ke8 41. Rd6 Red7 42. Rcxd5 Rxd6 43. exd6 Kd7 44. e4 Ke6 45. Rc5 Rxd6 46. Ke3 Rd7 47. Rc8 a6 48. bxa6 bxa6 49. Ra8 Rd6 50. d5+ Ke5 51. Re8+ Re6 52. dxe6 fxe6 53. Ra8 1-0

[Event "Swiss Queens Wed #5"]
[Site "FIDE Online Arena INT"]
[Date "2024.02.28"]
[Round "2"]
[White "Maltsevskaya, Aleksandra"]
[Black "Meghna, CH."]
[Result "1-0"]
[WhiteElo "2374"]
[BlackElo "1992"]
[PlyCount "83"]
[EventDate "2024.02.28"]
[EventType "swiss (blitz)"]
[EventRounds "11"]
[EventCountry "NET"]
[SourceTitle "CB10_2024"]
[SourceDate "2024.03.06"]
[SourceVersion "1"]
[SourceVersionDate "2024.03.06"]
[SourceQuality "1"]

1. e4 Nc6 2. Nf3 Nf6 3. e5 Ng4 4. d4 d6 5. h3 Nh6 6. Bb5 a6 7. Bxc6+ bxc6 8. 0-0 g6 9. Nc3 Bg7 10. Qe2 0-0 11. Bg5 f6 12. Bf4 fxe5 13. Bxh6 Bxh6 14. dxe5 c5 15. exd6 cxd6 16. Nd5 Rf7 17. Rfe1 Ra7 18. Rad1 Bf5 19. c4 Qf8 20. a3 Bxh3 21. Ne3 Bd7 22. b4 cxb4 23. axb4 Bc6 24. Nd4 Bd7 25. c5 dxc5 26. bxc5 Rc7 27. Rc1 Bc8 28. Nd5 Rd7 29. Ne6 Qe8 30. Ndc7 Rxc7 31. Nxc7 Qc6 32. Rcd1 Qxc7 33. Qe5 Qc6 34. Rd8+ Rf8 35. Rxf8+ Bxf8 36. Rd1 Bb7 37. f3 e6 38. Rd8 Qb5 39. Qd6 Qb1+ 40. Kh2 Qf5 41. c6 Qh5+ 42. Kg1 1-0

[Event "Swiss Queens Wed #2"]
[Site "FIDE Online Arena INT"]
[Date "2024.02.07"]
[Round "8"]
[White "Narva, Triin"]
[Black "Meghna, CH."]
[Result "0-1"]
[WhiteElo "2095"]
[BlackElo "1992"]
[PlyCount "37"]
[EventDate "2024.02.07"]
[EventType "swiss (blitz)"]
[EventRounds "11"]
[EventCountry "NET"]
[SourceTitle "CB07_2024"]
[SourceDate "2024.02.14"]
[SourceVersion "1"]
[SourceVersionDate "2024.02.14"]
[SourceQuality "1"]

1. e4 Nc6 2. d4 d5 3. e5 f6 4. f4 Nh6 5. Bd3 Nxd4 6. Qh5+ g6 7. Bxg6+ hxg6 8. Qxg6+ Nf7 9. c3 Bf5 10. Qg3 Nc2+ 11. Kd1 Nxa1 12. Na3 Qd7 13. Be3 fxe5 14. fxe5 e6 15. b4 Qa4+ 16. Kd2 Qxa3 17. Bd4 Qb2+ 18. Ke3 Nc2+ 19. Kf3 0-1

[Event "Swiss Queens Wed #1"]
[Site "FIDE Online Arena INT"]
[Date "2024.01.31"]
[Round "8"]
[White "Meghna, CH."]
[Black "Kaliakhmet, Elnaz"]
[Result "0-1"]
[WhiteElo "1992"]
[BlackElo "2000"]
[PlyCount "80"]
[EventDate "2024.01.31"]
[EventType "swiss (blitz)"]
[EventRounds "11"]
[EventCountry "NET"]
[SourceTitle "CB06_2024"]
[SourceDate "2024.02.07"]
[SourceVersion "1"]
[SourceVersionDate "2024.02.07"]
[SourceQuality "1"]

1. d4 Nf6 2. Nf3 d5 3. e3 c5 4. b3 e6 5. Bd3 Bd6 6. Bb2 Nc6 7. Ne5 0-0 8. 0-0 Qc7 9. f4 cxd4 10. exd4 Nb4 11. Nc3 Nxd3 12. Qxd3 a6 13. Ne2 Ne4 14. c4 b6 15. Rac1 Qe7 16. cxd5 exd5 17. Rfe1 Bb7 18. Nc3 Qh4 19. Qf3 Rfe8 20. Ne2 Rac8 21. g3 Qh3 22. f5 f6 23. Nf4 Qxf5 24. Ned3 Ng5 25. Qg2 Rxc1 26. Rxc1 Qe4 27. Qxe4 dxe4 28. Ne1 e3 29. Rc2 Bxf4 30. gxf4 Nh3+ 31. Kf1 Nxf4 32. Rc7 Be4 33. Ra7 h5 34. Rxa6 e2+ 35. Kf2 Nd3+ 36. Kxe2 Nxe1 37. Kxe1 Bd3+ 38. Kd2 Bxa6 39. Bc3 Re2+ 40. Kc1 Rxh2 0-1

[Event "Wch U20 Girls 37th"]
[Site "New Delhi"]
[Date "2019.10.15"]
[Round "1"]
[White "Solozhenkina, Elizaveta"]
[Black "Meghna, CH."]
[Result "1-0"]
[WhiteElo "2283"]
[BlackElo "1956"]
[PlyCount "73"]
[EventDate "2019.10.15"]
[EventType "swiss"]
[EventRounds "11"]
[EventCountry "IND"]
[SourceTitle "CBM 192 Extra"]
[Source "Chessbase"]
[SourceDate "2019.11.06"]
[SourceVersion "1"]
[SourceVersionDate "2019.11.06"]
[SourceQuality "1"]

1. e4 e6 2. d4 d5 3. Nd2 Nf6 4. e5 Nfd7 5. Bd3 c5 6. c3 Nc6 7. Ne2 cxd4 8. cxd4 f6 9. exf6 Nxf6 10. 0-0 Bd6 11. Nf3 Qc7 12. Bg5 0-0 13. Qc2 h6 14. Bh4 Nh5 15. Bh7+ Kh8 16. Bg6 Rxf3 17. Bxh5 Bxh2+ 18. Kh1 Rf5 19. Bg4 Bd6 20. Bxf5 exf5 21. Rae1 Qf7 22. Bg3 Bb4 23. Rd1 g5 24. a3 Bf8 25. Be5+ Nxe5 26. dxe5 f4 27. Nd4 Bg4 28. Rd3 Bg7 29. Re1 Re8 30. e6 Qg6 31. Qd2 Bxd4 32. Rxd4 Bxe6 33. Qb4 f3 34. gxf3 Qh5+ 35. Kg1 Qxf3 36. Re3 Qf7 37. Qd6 1-0

[Event "IND-ch (Women) 46th"]
[Site "Managiri"]
[Date "2019.07.27"]
[Round "11"]
[White "Meghna, CH."]
[Black "Rindhiya, V."]
[Result "1-0"]
[WhiteElo "1903"]
[BlackElo "1573"]
[PlyCount "73"]
[EventDate "2019.07.19"]
[EventType "swiss"]
[EventRounds "11"]
[EventCountry "IND"]
[SourceTitle "EXT 2020"]
[Source "ChessBase"]
[SourceDate "2019.10.17"]
[SourceVersion "1"]
[SourceVersionDate "2019.10.17"]
[SourceQuality "1"]

1. e4 e5 2. Nf3 Nc6 3. Bc4 Bc5 4. c3 Nf6 5. d3 d6 6. Bb3 a6 7. h3 h6 8. Nbd2 0-0 9. Nf1 Be6 10. Ng3 Ne7 11. 0-0 Ng6 12. d4 Ba7 13. Bc2 c5 14. d5 Bd7 15. c4 b5 16. b3 a5 17. a4 bxc4 18. bxc4 Qc7 19. Nh2 Rab8 20. f4 exf4 21. Bxf4 Nxf4 22. Rxf4 Rb4 23. Qd3 Re8 24. Nf3 Qd8 25. Qc3 Bc8 26. Rf1 Qe7 27. Nh4 Qe5 28. Qf3 Rxc4 29. Ngf5 Rxc2 30. Nxg7 c4+ 31. Kh1 Rc3 32. Nxe8 Nxe8 33. Qe2 Be3 34. Rxf7 Bg5 35. Qh5 Ng7 36. Rf8+ Kh7 37. Qg6# 1-0

[Event "IND-ch (Women) 46th"]
[Site "Managiri"]
[Date "2019.07.26"]
[Round "10"]
[White "Meghna, CH."]
[Black "Harshita, Guddanti"]
[Result "0-1"]
[WhiteElo "1903"]
[BlackElo "2078"]
[PlyCount "132"]
[EventDate "2019.07.19"]
[EventType "swiss"]
[EventRounds "11"]
[EventCountry "IND"]
[SourceTitle "EXT 2020"]
[Source "ChessBase"]
[SourceDate "2019.10.17"]
[SourceVersion "1"]
[SourceVersionDate "2019.10.17"]
[SourceQuality "1"]

1. e4 e5 2. Nf3 Nc6 3. Bc4 Nf6 4. d3 Bc5 5. c3 a6 6. Bb3 Ba7 7. h3 d6 8. Nbd2 h6 9. Nf1 Ne7 10. Ng3 c6 11. d4 Qc7 12. Be3 0-0 13. 0-0 Ng6 14. Qd2 Kh7 15. Bc2 Re8 16. Rfe1 Bd7 17. Nf5 Ng8 18. Rad1 Red8 19. g4 f6 20. Ng3 c5 21. d5 c4 22. Kh2 b5 23. Rg1 Bxe3 24. fxe3 a5 25. Nh5 Be8 26. h4 b4 27. Rg2 bxc3 28. Qxc3 a4 29. a3 Rdc8 30. Ng3 Qa5 31. Nf5 Qxc3 32. bxc3 Ra6 33. Rb1 Nf8 34. Bd1 Nd7 35. Rb4 g6 36. Ng3 Nc5 37. Rxc4 Bd7 38. Ne1 Ne7 39. Rb2 Kg7 40. Bc2 Kf7 41. Bd1 Nd3 42. Rxc8 Nxb2 43. Rc7 Nxd1 44. Rxd7 Nxe3 45. Nd3 Ke8 46. Rb7 Nxg4+ 47. Kh3 Ne3 48. h5 g5 49. Rb8+ Kf7 50. Nb4 Ra7 51. Nc6 Nxc6 52. dxc6 Ke6 53. Rh8 Rc7 54. Rxh6 Rxc6 55. Rh7 Rxc3 56. h6 Nf1 57. Kg2 Nxg3 58. Rg7 Ne2 59. h7 Nf4+ 60. Kf2 Rh3 61. Ra7 f5 62. exf5+ Kxf5 63. Rxa4 Rxh7 64. Ra8 Rh2+ 65. Kf1 Ra2 66. a4 g4 0-1

[Event "IND-ch (Women) 46th"]
[Site "Managiri"]
[Date "2019.07.25"]
[Round "9"]
[White "Kiran, Manisha Mohanty"]
[Black "Meghna, CH."]
[Result "1/2-1/2"]
[WhiteElo "2054"]
[BlackElo "1903"]
[PlyCount "64"]
[EventDate "2019.07.19"]
[EventType "swiss"]
[EventRounds "11"]
[EventCountry "IND"]
[SourceTitle "EXT 2020"]
[Source "ChessBase"]
[SourceDate "2019.10.17"]
[SourceVersion "1"]
[SourceVersionDate "2019.10.17"]
[SourceQuality "1"]

1. e4 e6 2. d4 d5 3. Nc3 Bb4 4. a3 Bxc3+ 5. bxc3 dxe4 6. Qg4 Nf6 7. Qxg7 Rg8 8. Qh6 Bd7 9. Bg5 Rg6 10. Qh4 Ba4 11. Ne2 Nbd7 12. Nf4 Rg8 13. Be2 Qe7 14. Nh5 Rg6 15. Nxf6+ Nxf6 16. Bh5 Rxg5 17. Qxg5 0-0-0 18. Be2 Bxc2 19. Qa5 Kb8 20. Ra2 Bd3 21. Rb2 Nd5 22. Bxd3 exd3 23. c4 Nf4 24. g3 Ne2 25. Qb4 Qxb4+ 26. axb4 Nxd4 27. Kd2 Nf3+ 28. Ke3 Ne5 29. Rc1 Ng4+ 30. Kf3 Ne5+ 31. Ke3 Ng4+ 32. Kf3 Ne5+ 1/2-1/2

[Event "Asia-ch U20 Girls"]
[Site "Ulaanbaatar"]
[Date "2018.08.23"]
[Round "7"]
[White "Meghna, CH."]
[Black "Uuriintuya, Uurtsaikh"]
[Result "0-1"]
[WhiteElo "1892"]
[BlackElo "2313"]
[PlyCount "128"]
[EventDate "2018.08.19"]
[EventType "swiss"]
[EventRounds "9"]
[EventCountry "MGL"]
[SourceTitle "CBM 186 Extra"]
[Source "ChessBase"]
[SourceDate "2018.08.24"]
[SourceVersion "1"]
[SourceVersionDate "2018.08.24"]
[SourceQuality "1"]

1. e4 c5 2. Nf3 Nc6 3. d4 cxd4 4. Nxd4 g6 5. c4 Bg7 6. Be3 Nf6 7. Nc3 0-0 8. Be2 d6 9. 0-0 Bd7 10. Rc1 Nxd4 11. Bxd4 Bc6 12. f3 a5 13. b3 Nd7 14. Be3 Nc5 15. Qd2 e6 16. Rfd1 Be5 17. Bf1 Qe7 18. Bd4 Rad8 19. Qf2 Rd7 20. Rc2 Rfd8 21. Rcd2 Bf4 22. Be3 Be5 23. Bd4 Rf8 24. Rc2 Rdd8 25. Rcd2 Ra8 26. Bxe5 dxe5 27. Rd6 Na6 28. Qd2 Qc7 29. Qg5 Qb6+ 30. Kh1 Qc5 31. Ne2 Nc7 32. a4 Ne8 33. R6d3 Ng7 34. Ng3 f6 35. Qd2 Qe7 36. Be2 f5 37. Qc3 Qc5 38. Qb2 Rae8 39. Qc3 Re7 40. R1d2 Ne8 41. Qc1 Nf6 42. exf5 exf5 43. Rd8 Ree8 44. R8d6 f4 45. Nf1 e4 46. Qc3 exf3 47. Bxf3 Ne4 48. Bxe4 Rxe4 49. Rd8 Ree8 50. Rxe8 Rxe8 51. Qf6 f3 52. gxf3 Rf8 53. Qe6+ Kg7 54. Rd5 Bxd5 55. cxd5 Qc3 56. f4 Qf3+ 57. Kg1 Qxf4 58. Ng3 Qf6 59. Qd7+ Rf7 60. Qb5 Qf2+ 61. Kh1 Re7 62. Ne4 Rxe4 63. Qd7+ Kh6 64. Qh3+ Rh4 0-1

[Event "Asia-ch U20 Girls"]
[Site "Ulaanbaatar"]
[Date "2018.08.22"]
[Round "5"]
[White "Munkhzul, Davaakhuu"]
[Black "Meghna, CH."]
[Result "0-1"]
[WhiteElo "1823"]
[BlackElo "1892"]
[PlyCount "92"]
[EventDate "2018.08.19"]
[EventType "swiss"]
[EventRounds "9"]
[EventCountry "MGL"]
[SourceTitle "CBM 186 Extra"]
[Source "ChessBase"]
[SourceDate "2018.08.24"]
[SourceVersion "1"]
[SourceVersionDate "2018.08.24"]
[SourceQuality "1"]

1. e4 e6 2. d4 d5 3. Nd2 c5 4. Ngf3 Nf6 5. exd5 exd5 6. dxc5 Bxc5 7. Bd3 0-0 8. 0-0 Bg4 9. c3 Nbd7 10. Nb3 Bb6 11. h3 Bh5 12. Bg5 Qc7 13. Bxf6 Nxf6 14. Be2 Rad8 15. Nbd4 Rfe8 16. Re1 Ne4 17. a4 a6 18. Rc1 Qf4 19. Qd3 Bc7 20. Kf1 Bg6 21. Qd1 Nxf2 22. Qd2 Ne4 23. Qxf4 Bxf4 24. Ra1 Bg3 25. Red1 Rd6 26. Kg1 h6 27. Rf1 Nc5 28. a5 Re3 29. Rac1 Rd8 30. c4 Nd3 31. Rc3 dxc4 32. Rxc4 Nf4 33. Bd1 Bd3 34. Rc3 Nd5 35. Rxd3 Rxd3 36. Bc2 Rxd4 37. Nxd4 Ne3 38. Rf3 Nxc2 39. Nxc2 Rd1+ 40. Rf1 Bh2+ 41. Kxh2 Rxf1 42. Kg3 Rb1 43. b4 Rb2 44. Ne3 Rxb4 45. Kf3 Ra4 46. Nf5 Rxa5 0-1

[Event "Asia-ch U20 Girls"]
[Site "Ulaanbaatar"]
[Date "2018.08.20"]
[Round "3"]
[White "Altantuya, Boldbaatar"]
[Black "Meghna, CH."]
[Result "1-0"]
[WhiteElo "2174"]
[BlackElo "1892"]
[PlyCount "141"]
[EventDate "2018.08.19"]
[EventType "swiss"]
[EventRounds "9"]
[EventCountry "MGL"]
[SourceTitle "CBM 186 Extra"]
[Source "ChessBase"]
[SourceDate "2018.08.24"]
[SourceVersion "1"]
[SourceVersionDate "2018.08.24"]
[SourceQuality "1"]

1. d4 Nf6 2. Bf4 e6 3. Nf3 Be7 4. e3 b6 5. h3 Bb7 6. Bd3 Ne4 7. 0-0 0-0 8. Nbd2 d5 9. Qe2 Nd7 10. Ba6 Bxa6 11. Qxa6 Nxd2 12. Nxd2 c5 13. c3 Re8 14. Nf3 Bf6 15. Rfd1 Qe7 16. Qe2 Rac8 17. Rac1 Red8 18. Ne5 Bxe5 19. dxe5 Qh4 20. Bg3 Qe4 21. Qh5 Nf8 22. Qg4 Qxg4 23. hxg4 c4 24. Bh4 Rd7 25. f4 Ng6 26. Bg3 Ne7 27. Kf2 b5 28. Rh1 a5 29. Rh2 b4 30. Rch1 h6 31. g5 Nf5 32. gxh6 gxh6 33. Bh4 Nxh4 34. Rxh4 Kf8 35. Rxh6 Ke7 36. Rf6 bxc3 37. bxc3 Rf8 38. Rb1 Rh8 39. Kg1 Rg8 40. Rh6 Ra8 41. Rb6 Raa7 42. Rh8 Rdb7 43. Rb8 Rxb6 44. Rxb6 Kd7 45. a4 Kc7 46. Rb5 Kc6 47. g4 Ra8 48. Kg2 Rg8 49. g5 Ra8 50. Kf2 Kd7 51. e4 dxe4 52. Rc5 Rh8 53. Rxc4 Rh3 54. Ke2 Rf3 55. Rc5 Rd3 56. c4 Rc3 57. Rxa5 Rxc4 58. Ra7+ Ke8 59. Ke3 Kf8 60. a5 Kg7 61. f5 exf5 62. e6 Rc3+ 63. Kd2 Rd3+ 64. Ke2 Rd5 65. a6 Ra5 66. Rxf7+ Kg8 67. a7 Ra2+ 68. Kd1 e3 69. Rb7 Ra1+ 70. Ke2 Ra2+ 71. Kxe3 1-0

[Event "Commonwealth-ch"]
[Site "New Delhi"]
[Date "2018.06.29"]
[Round "4"]
[White "Meghna, CH."]
[Black "Karthik, Venkataraman"]
[Result "1/2-1/2"]
[WhiteElo "1956"]
[BlackElo "2475"]
[PlyCount "106"]
[EventDate "2018.06.26"]
[EventType "swiss"]
[EventRounds "9"]
[EventCountry "IND"]
[SourceTitle "CBM 185 Extra"]
[Source "ChessBase"]
[SourceDate "2018.07.29"]
[SourceVersion "1"]
[SourceVersionDate "2018.07.29"]
[SourceQuality "1"]

1. e4 c5 2. Nf3 d6 3. d4 Nf6 4. Nc3 cxd4 5. Nxd4 a6 6. Bg5 e6 7. f4 h6 8. Bxf6 Qxf6 9. Qd2 g5 10. f5 Nc6 11. Nxc6 bxc6 12. 0-0-0 Rb8 13. Bc4 Be7 14. fxe6 Bxe6 15. Rhf1 Qe5 16. Bxe6 fxe6 17. Qe2 a5 18. Qc4 Rc8 19. Qa6 Rc7 20. Qb6 Kd7 21. Na4 Rhc8 22. Qf2 Rf8 23. Nb6+ Ke8 24. Qe2 Rxf1 25. Rxf1 Qb5 26. Nc4 d5 27. Qh5+ Kd8 28. Nd2 Rb7 29. Qxh6 Qxb2+ 30. Kd1 Qa1+ 31. Ke2 Qe5 32. Rf7 Rb2 33. Qh7 Rxc2 34. Rxe7 Rxd2+ 35. Kxd2 Qb2+ 36. Kd1 Qb1+ 37. Ke2 Qxa2+ 38. Kd1 Qb1+ 39. Ke2 Qb2+ 40. Kd1 Qb3+ 41. Ke2 Qc4+ 42. Kd1 Qf1+ 43. Kd2 Qf2+ 44. Kd1 Qf1+ 45. Kd2 Qxg2+ 46. Kd1 Qf1+ 47. Kd2 Qf2+ 48. Kd1 Qd4+ 49. Ke2 Qb2+ 50. Kd1 Qb1+ 51. Ke2 Qb2+ 52. Kd1 Qb1+ 53. Ke2 Qb2+ 1/2-1/2

[Event "Commonwealth-ch U20 Girls"]
[Site "New Delhi"]
[Date "2018.06.28"]
[Round "3"]
[White "Asna, Abdeen"]
[Black "Meghna, CH."]
[Result "1-0"]
[WhiteElo "1162"]
[BlackElo "1955"]
[PlyCount "79"]
[EventDate "2018.06.26"]
[EventType "swiss"]
[EventRounds "7"]
[EventCountry "IND"]
[SourceTitle "EXT 2019"]
[Source "ChessBase"]
[SourceDate "2018.10.10"]
[SourceVersion "1"]
[SourceVersionDate "2018.10.10"]
[SourceQuality "1"]

1. e4 e6 2. d4 d5 3. Nc3 Nf6 4. Bg5 dxe4 5. Nxe4 Be7 6. Nxf6+ gxf6 7. Bf4 Nc6 8. Nf3 b6 9. Qd2 Bb7 10. 0-0-0 Qd7 11. Kb1 0-0-0 12. c3 e5 13. Be3 e4 14. Ne1 Na5 15. Nc2 Qe6 16. Ne1 Qd7 17. Nc2 Qe6 18. b3 Nxb3 19. axb3 Qxb3+ 20. Kc1 Rd5 21. Nb4 a5 22. Nc2 a4 23. c4 Ra5 24. c5 a3 25. Na1 Qd5 26. Qc3 Kb8 27. Nb3 Ra7 28. Bc4 Qd7 29. Kc2 Bd5 30. Ra1 Ra4 31. Be2 Qc6 32. Rhb1 Ka8 33. Kd1 Rd8 34. Nd2 a2 35. Rb2 Ra5 36. Bc4 Bxc4 37. Nxc4 Bxc5 38. Nxa5 Qa4+ 39. Ke2 bxa5 40. Ke1 1-0